The victorious Christ : (Record no. 7094)
[ view plain ]
| 000 -LEADER | |
|---|---|
| fixed length control field | 00630cam a2200193 a 4500 |
| 001 - CONTROL NUMBER | |
| control field | 2106200 |
| 005 - DATE AND TIME OF LATEST TRANSACTION | |
| control field | 20250722124052.0 |
| 008 - FIXED-LENGTH DATA ELEMENTS--GENERAL INFORMATION | |
| fixed length control field | 960415s1996 kyub b 001 0 eng |
| 020 ## - INTERNATIONAL STANDARD BOOK NUMBER | |
| International Standard Book Number | 0664256201 |
| Qualifying information | acid-free paper |
| 020 ## - INTERNATIONAL STANDARD BOOK NUMBER | |
| International Standard Book Number | 9780664256203 |
| Qualifying information | (acid-free paper) |
| 050 00 - LIBRARY OF CONGRESS CALL NUMBER | |
| Classification number | BS2825.2 |
| Item number | .S64 1996 |
| 082 00 - DEWEY DECIMAL CLASSIFICATION NUMBER | |
| Classification number | 228/.06 |
| Edition information | 20 |
| 100 1# - MAIN ENTRY--PERSONAL NAME | |
| Personal name | Sleeper, C. Freeman |
| Fuller form of name | (Charles Freeman) |
| 245 14 - TITLE STATEMENT | |
| Title | The victorious Christ : |
| Remainder of title | a study of the book of Revelation / |
| Statement of responsibility, etc. | C Freeman Sleeper. |
| 250 ## - EDITION STATEMENT | |
| Edition statement | 1st ed. |
| 260 ## - PUBLICATION, DISTRIBUTION, ETC. | |
| Place of publication, distribution, etc. | Louisvill, Ky. : |
| Name of publisher, distributor, etc. | Westminster John Knox Press, |
| Date of publication, distribution, etc. | c1996. |
| 300 ## - PHYSICAL DESCRIPTION | |
| Extent | xi, 142 p. : |
| Other physical details | map ; |
| Dimensions | 22 cm. |
| 942 ## - ADDED ENTRY ELEMENTS (KOHA) | |
| Source of classification or shelving scheme | Library of Congress Classification |
| Koha item type | Books |
| Suppress in OPAC | No |
| 999 ## - | |
| -- | 7094 |
| -- | 7094 |
| Withdrawn status | Lost status | Source of classification or shelving scheme | Damaged status | Not for loan | Collection | Home library | Current library | Shelving location | Date acquired | Total checkouts | Full call number | Barcode | Date last seen | Copy number | Price effective from | Koha item type |
|---|---|---|---|---|---|---|---|---|---|---|---|---|---|---|---|---|
| Library of Congress Classification | Non-fiction | Undergraduate Library (Christ Temple) | Undergraduate Library (Christ Temple) | General stacks | 07/22/2025 | BS 2825.2 SLE | ulct00004014 | 07/22/2025 | 1 | 07/22/2025 | Books |